Время-разрешенная люминесцентная спектроскопия эпитаксиальных слоев GaN, выращенных на подложках Al2O3; Современные техника и технологии; Т. 2

Bibliographic Details
Parent link:Современные техника и технологии: сборник трудов XX международной научно-практической конференции студентов, аспирантов и молодых ученых, Томск, 14-18 апреля 2014 г./ Национальный исследовательский Томский политехнический университет (ТПУ).— , 2014
Т. 2.— 2014.— [С. 103-104]
Main Author: Горина С. Г. Светлана Геннадьевна
Corporate Author: Национальный исследовательский Томский политехнический университет (ТПУ) Институт физики высоких технологий (ИФВТ) Кафедра лазерной и световой техники (ЛиСТ)
Other Authors: Ли Цзысюань (научный руководитель), Сычева А. В., Олешко В. И. Владимир Иванович
Summary:Заглавие с титульного экрана
Language:Russian
Published: 2014
Series:Материаловедение
Subjects:
Online Access:http://earchive.tpu.ru/handle/11683/20767
http://www.lib.tpu.ru/fulltext/c/2014/C01/V2/050.pdf
Format: Electronic Book Chapter
KOHA link:https://koha.lib.tpu.ru/cgi-bin/koha/opac-detail.pl?biblionumber=606808

MARC

LEADER 00000naa2a2200000 4500
001 606808
005 20260305162657.0
035 |a (RuTPU)RU\TPU\conf\4187 
035 |a RU\TPU\conf\4182 
090 |a 606808 
100 |a 20140618d2014 k y0rusy50 ca 
101 0 |a rus 
102 |a RU 
135 |a drcn ---uucaa 
181 0 |a i  
182 0 |a b 
200 1 |a Время-разрешенная люминесцентная спектроскопия эпитаксиальных слоев GaN, выращенных на подложках Al2O3  |f С. Г. Горина, Ли Цзысюань, А. В. Сычева  |g науч. рук. В. И. Олешко 
203 |a Текст  |c электронный 
225 1 |a Материаловедение 
300 |a Заглавие с титульного экрана 
320 |a [Библиогр.: с. 104 (4 назв.)] 
337 |a Adobe Reader 
461 1 |0 (RuTPU)RU\TPU\conf\3687  |t Современные техника и технологии  |o сборник трудов XX международной научно-практической конференции студентов, аспирантов и молодых ученых, Томск, 14-18 апреля 2014 г.  |o в 3 т.  |f Национальный исследовательский Томский политехнический университет (ТПУ)   |d 2014 
463 1 |0 (RuTPU)RU\TPU\conf\3689  |t Т. 2  |v [С. 103-104]  |d 2014 
610 1 |a труды учёных ТПУ 
610 1 |a электронный ресурс 
610 1 |a люминесцентная спектроскопия 
610 1 |a эпитаксиальные слои 
610 1 |a подложки 
610 1 |a нитриды 
610 1 |a оптоэлектронные устройства 
700 1 |a Горина  |b С. Г.  |c специалист в области светотехники  |c инженер Томского политехнического университета  |g Светлана Геннадьевна  |3 (RuTPU)RU\TPU\pers\31458 
701 0 |a Ли Цзысюань 
701 1 |a Сычева  |b А. В. 
702 1 |a Олешко  |b В. И.  |c специалист в области лазерной и световой техники  |c профессор Томского политехнического университета, доктор физико-математических наук  |f 1948-  |g Владимир Иванович  |4 727 
712 0 2 |a Национальный исследовательский Томский политехнический университет (ТПУ)  |b Институт физики высоких технологий (ИФВТ)  |b Кафедра лазерной и световой техники (ЛиСТ)  |3 (RuTPU)RU\TPU\col\18690 
801 2 |a RU  |b 63413507  |c 20210310  |g RCR 
856 4 |u http://earchive.tpu.ru/handle/11683/20767 
856 4 |u http://www.lib.tpu.ru/fulltext/c/2014/C01/V2/050.pdf 
942 |c CF